American portraits, 1875-1900 / (Record no. 28185)
[ view plain ]
| 000 -LEADER | |
|---|---|
| fixed length control field | 00832nam a2200253 4500 |
| 001 - CONTROL NUMBER | |
| control field | 28185 |
| 003 - CONTROL NUMBER IDENTIFIER | |
| rucl marc code | BD-RjUL |
| 005 - DATE AND TIME OF LATEST TRANSACTION | |
| control field | 20211209051240.0 |
| 008 - FIXED-LENGTH DATA ELEMENTS--GENERAL INFORMATION | |
| fixed length control field | 690902r19421922nyu b 001 0ceng d |
| 035 ## - SYSTEM CONTROL NUMBER | |
| System control number | (BD-RjUL)28266 |
| 040 ## - CATALOGING SOURCE | |
| Original cataloging agency | DLC |
| Transcribing agency | DLC |
| Modifying agency | DLC |
| -- | BD-RjUL |
| Language of cataloging | eng |
| 041 ## - LANGUAGE CODE | |
| Language code of text/sound track or separate title | eng |
| 082 00 - DEWEY DECIMAL CLASSIFICATION NUMBER | |
| Classification number | 920.073 |
| Author mark and year | BRA 1942 |
| 100 1# - MAIN ENTRY--PERSONAL NAME | |
| Personal name | Bradford, Gamaliel, |
| Dates associated with a name | 1863-1932. |
| 9 (RLIN) | 86333 |
| 245 10 - TITLE STATEMENT | |
| Title | American portraits, 1875-1900 / |
| Statement of responsibility, etc. | Gamaliel Bradford. |
| 260 ## - PUBLICATION, DISTRIBUTION, ETC. (IMPRINT) | |
| Place of publication, distribution, etc. | Port Washington, N.Y. : |
| Name of publisher, distributor, etc. | Kennikat Press, |
| Date of publication, distribution, etc. | c1922 [impression 1942]. |
| 300 ## - PHYSICAL DESCRIPTION | |
| Pagination | xii, 248 p. ; |
| Size | 22 cm. |
| 490 0# - SERIES STATEMENT | |
| Series statement | Essay and general literature index reprint series |
| 504 ## - BIBLIOGRAPHY, ETC. NOTE | |
| Bibliography, etc | Bibliographical references included in "Notes" (p. 227-241) and index. |
| 651 #0 - SUBJECT ADDED ENTRY--GEOGRAPHIC NAME | |
| Geographic name | United States |
| General subdivision | Biography. |
| 9 (RLIN) | 59719 |
| 942 ## - ADDED ENTRY ELEMENTS (KOHA) | |
| Source of classification or shelving scheme | Dewey Decimal Classification |
| Koha item type | Books |
| Lost status | Source of classification or shelving scheme | Damaged status | Not for loan | Collection code | Permanent Location | Current Location | Shelving location | Date acquired | Source of acquisition | Total Checkouts | Full call number | Date last seen | Copy number | Koha item type |
|---|---|---|---|---|---|---|---|---|---|---|---|---|---|---|
| Dewey Decimal Classification | Added to bundle | Non-fiction | Central Library, University of Rajshahi | Central Library, University of Rajshahi | Reading Room | 12/02/1958 | U.S.I.S, Dacca, Gift. | 920.073 BRA 1942 | 29/03/2014 | C-1 | Books |